000 00569nam a2200241Ia 4500
003 OSt
005 20221005121939.0
006 a|||||r|||| 00| 0
007 ta
008 221004b |||||||| |||| 00| 0 tam d
024 _a52213
037 _cTextual
040 _aCRL
_cCRL
_btam
041 _2tam
_atam
082 _aV2.G, 31K4
100 _aSubramanyan
_9627801
245 0 _aIndia uaralaru
260 _c1964
300 _a233p.
_ccm.
650 _aHISTORY
942 _hV2.G, 31K4
_cTEXL
_2cc
999 _c1042788
_d1042788